| 000 | 01081cam a2200277 a 4500 | ||
|---|---|---|---|
| 001 | 000014377 | ||
| 005 | 20200929163608.0 | ||
| 008 | 910607m19901993ck a b 001 0 spa | ||
| 010 | _a91159934 | ||
| 040 |
_aDO-SdBNP _cDLC _dDLC |
||
| 043 | _as-ck--- | ||
| 050 | 0 | 0 |
_aPQ8179 _b.C24 1979 t. 9 _aF2276 |
| 100 | 1 |
_aCaro, Miguel Antonio, _d1843-1909. _932470 |
|
| 245 | 1 | 0 |
_aEscritos politicos / _cMiguel Antonio Caro ; estudio preliminar, compilacion y notas por Carlos Valderrama Andrade. |
| 260 |
_aBogota : _bInstituto Caro y Cuervo, _c1990-1993. |
||
| 300 |
_a4 v. : _bill. ; _c22 cm. |
||
| 440 | 0 |
_aBiblioteca colombiana ; _v33-36 _96260 |
|
| 490 | 1 |
_aObras completas de Miguel Antonio Caro ; _vt. 9-12 |
|
| 504 | _aIncludes bibliographical references and index. | ||
| 651 | 0 |
_aColombia _xPolitics And Government _y1863-1885. _932471 |
|
| 651 | 0 |
_aColombia _xPolitics And Government _y1886-1903. _932472 |
|
| 700 | 2 |
_aValderrama Andrade, Carlos. _932473 |
|
| 800 | 1 |
_aCaro, Miguel Antonio, _d1843-1909. _tWorks. _f1979 ; _vt. 9-12. _932474 |
|
| 910 | _aDC | ||
| 082 | 0 | 0 |
_a320.9861 _220 |
| 999 |
_c13969 _d13969 |
||